000 01046nam a22001937a 4500
008 260513b ||||| |||| 00| 0 eng d
082 0 4 _a553.494595
100 0 0 _aFAKHRUDDIN AFIF FAUZI
245 _aRANCANGAN MALAYSIA KEDUA BELAS : PROJEK PENILAIAN POTENSI SUMBER UNSUR NADIR BUMI : PENILAIAN POTENSI SUMBER UNSUR NADIR BUMI DI KAWASAN LADANG SUNGAI AGONG, PADANG TERAP, KEDAH / Oleh : FAKHRUDDIN AFIF BIN FAUZI, HAMDAN BIN ARIFFIN
250 _aNO. LAPORAN : JMG.KPP (REE) 05/2022
260 _aAlor Setar, Kedah :
_bJabatan Mineral dan Geosains Malaysia Kedah / Perlis / Pulau Pinang, Jabatan Mineral dan Geosains Malaysia Kedah / Perlis / Pulau Pinang,
_c2022
300 _avii, 41 pages :
_bSome colour illustrations ;
_c30 cm
650 1 0 _xRare earth elements
_zMalaysia
_zKedah
650 2 0 _xGeological surveys
_zMalaysia
_zKedah
650 2 0 _xMineral resources
_zMalaysia
_zKedah
650 2 0 _xEconomic geology
_zMalaysia
650 2 0 _xMineral exploration
_zMalaysia
_zKedah
942 _2ddc
_e22
_h553.494595
999 _c27283
_d27283